000 00393nam a2200145Ia 4500
008 210210b1976 xxu||||| |||| 00| 0 eng d
082 _a530.02 GINK
100 _aGINZBURG (V L).
245 _aKey problems of physics & astrophysics.
260 _aMoscow
_bMir Publishers
_c1976
300 _a148
650 _aProblems physics astrophysics
690 _aPhysics Problems
906 _aSG00401
999 _c111512
_d111512